000 00887nam a2200217 a 4500
001 000726841
003 AM-YeHGA
005 20250617143043.0
008 100408s1959 uz ||||| |||| 00| 0 rus d
040 _aAM-YeHGA
041 0 _arus
_auzb
100 1 _aКаюмов, Азиз
245 1 0 _aГази /
_cАзиз Каюмов; АН УзССР, Ин-т востоковед. им. Абу Райхана Бируни, Ин-т яз. и лит. имени А.С. Пушкина.
260 _aТашкент :
_bИзд-во АН УзССР,
_c1959.
300 _a146 с.
650 1 4 _aУзбекская литература
710 2 _aИнститут востоковедения им. Абу Райхана Бируни АН УзССР
710 2 _aИнститут языка и литературы имени А.С. Пушкина
942 _2udc
_cBK
090 _c270236
999 _c268599
_d268599